Jetpunk Generator Puzzle #4 - Statistics

General Stats
  • This quiz has been taken 132 times
  • The average score is 12 of 21
Answer Stats
Hint Answer % Correct
baby lion cub
93%
attracted to the same sex gay
88%
for carrying things bag
87%
what knives do cut
86%
Bengal or San Francisco, eg bay
80%
headwear cap
78%
Burmese or Siamese, eg cat
74%
treaty; agreement pact
73%
ale-house pub
69%
Olympic sport to 1920 {tug} of war
66%
mind this on the London Tube gap
64%
dog breed pug
54%
valve to release water tap
53%
musical instrument tuba
50%
direction opposite to gravity up
50%
to border or adjoin abut
32%
Greek letter tau
25%
sandy reef island cay
23%
Fed St of Micronesia island Yap
9%
1/100th of Burmese kyat pya
7%
8-letter Jetpunker CPGATBYU
2%
No matching quizzes found
Score Distribution
Percent of People with Each Score
Percentile by Number Answered
Your Score History
You have not taken this quiz